• 首页
  • 本馆介绍
  • 公告通知
  • 最新文献
  • 馆藏检索
  • 电子资源
  • 读者导购
  • 参考咨询
  • 我的图书馆
  • 登录
  • 详细信息显示
  • 放入我的书架
  • 预约/预借图书
  • 作者相关作品
  • 分类相关作品
  • 丛书相关作品
  • 出版社相关作品

书目信息

  • 表格格式
  • 工作单格式
  • 卡片格式
题名:
中国手语语言学
    
 
作者: 吕会华 著
分册:  
出版信息: 北京   知识产权出版社  2019.08
页数: 11, 275页
开本: 24cm
丛书名:
单 册:
中图分类: H126.3
科图分类:
主题词: 手势语--中国
电子资源:
ISBN: 978-7-5130-2812-7
000 00988nam0 2200241 450
001 0108153916
005 20210308154404.0
010    @a978-7-5130-2812-7@dCNY68.00
100    @a20200408d2019 em y0chiy50 ea
101 0  @achi
102    @aCN@b110000
105    @aak z 000yy
106    @ar
200 1  @a中国手语语言学@Azhong guo shou yu yu yan xue@f吕会华著
210    @a北京@c知识产权出版社@d2019.08
215    @a11, 275页@c图@d24cm
300    @a“北京联合大学2017年授权-科技创新服务能力建设-科研水平提高定额-基于CRPD核心理念的全纳教育支持技术研究”和“2014年北京教育科学规划重点课题:基于学习通用设计的聋人课程建设研究与实践”联合资助
330    @a本书以手语语言事实为依据,从现代语言学的角度,对中国手语的相关问题进行研究,涵盖的论题包括中国手语的语言地位,中国手语的语音、词汇、句法特点,以及手语语言学的研究方法等。
606 0  @a手势语@y中国
690    @aH126.3@v5
701  0 @a吕会华@Alv hui hua@4著
801  0 @aCN@bBJSZM@c20210308
905    @b1273047-50@dH126.3@e76@f4
    
    中国手语语言学/吕会华著.-北京:知识产权出版社,2019.08
    11, 275页:图;24cm
    “北京联合大学2017年授权-科技创新服务能力建设-科研水平提高定额-基于CRPD核心理念的全纳教育支持技术研究”和“2014年北京教育科学规划重点课题:基于学习通用设计的聋人课程建设研究与实践”联合资助
    
    ISBN 978-7-5130-2812-7:CNY68.00
    本书以手语语言事实为依据,从现代语言学的角度,对中国手语的相关问题进行研究,涵盖的论题包括中国手语的语言地位,中国手语的语音、词汇、句法特点,以及手语语言学的研究方法等。
●
相关链接 在E读中查询图书 在五车中查询图书 在当当中查询图书 在豆瓣中查询图书


正题名:中国手语语言学     索取号:H126.3/76         预约/预借

序号 登录号 条形码 馆藏地/架位号 状态 备注
1 1273047   212730473   第二样本阅览室/ [索取号:H126.3/76] 在馆    
2 1273048   212730482   教育系资料室/ [索取号:H126.3/76] 在馆    
3 1273049   212730491   教育系资料室/ [索取号:H126.3/76] 在馆    
4 1273050   212730507   第四借阅区/ [索取号:H126.3/76] 在馆    
唐山师范学院图书馆 欢迎您!
大连网信软件有限公司© 版权所有